Guess The F1 Driver #1 - Statistics

General Stats
  • This quiz has been taken 1,330 times
  • The average score is 10 of 16
Answer Stats
Picture Answer % Correct
Michael Schumacher
98%
Ayrton Senna
96%
Charles Leclerc
96%
Fernando Alonso
96%
Daniel Ricciardo
94%
Niki Lauda
86%
Jenson Button
80%
Nigel Mansell
72%
Juan Manuel Fangio
68%
Jacques Villeneuve
56%
Emerson Fittipaldi
45%
Gerhard Berger
28%
Jody Scheckter
25%
Riccardo Patrese
20%
Timo Glock
15%
Jaime Alguersuari
12%
No matching quizzes found
Score Distribution
Percent of People with Each Score
Percentile by Number Answered
Your Score History
You have not taken this quiz